Carlo Ancelotti's AC Milan - Statistics

General Stats
  • This quiz has been taken 52 times
  • The average score is 35 of 95
Answer Stats
Rank Player Position Nationality Matches Goals Assists % Correct
1 Andrea Pirlo Defensive Midfield 327 39 62
98%
3 Gennaro Gattuso Central Midfield 323 8 14
98%
11 Andriy Shevchenko Centre-Forward 218 103 31
95%
2 Clarence Seedorf Central Midfield 325 49 49
95%
5 Dida Goalkeeper 267 0 1
93%
4 Kaká Attacking Midfield 270 95 77
93%
6 Paolo Maldini Left-Back 252 7 6
93%
10 Alessandro Nesta Centre-Back 235 6 0
90%
14 Cafu Right-Back 166 4 22
88%
9 Filippo Inzaghi Centre-Forward 237 110 17
86%
8 Kakhaber Kaladze Centre-Back 244 9 14
83%
7 Massimo Ambrosini Central Midfield 247 26 21
83%
13 Rui Costa Attacking Midfield 182 9 41
83%
25 Jaap Stam Centre-Back 65 2 2
74%
32 Hernán Crespo Centre-Forward 40 17 2
71%
16 Alessandro Costacurta Centre-Back 149 1 3
69%
21 Christian Abbiati Goalkeeper 95 0 0
69%
20 Jon Dahl Tomasson Centre-Forward 114 35 5
69%
48 Ronaldo Centre-Forward 20 9 4
67%
26 Alexandre Pato Centre-Forward 62 27 8
64%
39 Ronaldinho Left Winger 36 10 7
64%
17 Marek Jankulovski Left-Back 135 6 13
62%
12 Serginho Left-Back 201 16 34
60%
31 Gianluca Zambrotta Right-Back 41 1 3
55%
59 Ibrahim Bá Right Midfield 7 0 0
55%
47 David Beckham Central Midfield 20 2 6
52%
18 Alberto Gilardino Centre-Forward 132 44 16
50%
74 Ignazio Abate Right-Back 2 0 0
48%
33 Rivaldo Attacking Midfield 40 8 5
45%
65 Catilina Aubameyang Left Midfield 4 0 0
43%
44 Demetrio Albertini Defensive Midfield 27 0 2
43%
79 William-Fils Aubameyang Centre-Back 1 0 0
43%
34 Emerson Defensive Midfield 40 0 0
40%
19 Dario Simic Centre-Back 129 1 3
38%
36 Mathieu Flamini Defensive Midfield 37 0 2
38%
29 Yoann Gourcuff Attacking Midfield 54 3 6
36%
55 Christian Vieri Centre-Forward 14 2 2
33%
22 Daniele Bonera Centre-Back 87 0 2
33%
41 Fernando Redondo Defensive Midfield 33 0 4
33%
62 Sebastiano Rossi Goalkeeper 5 0 0
33%
38 Thomas Helveg Right-Back 36 0 1
33%
27 Zeljko Kalac Goalkeeper 56 0 0
33%
45 José Mari Centre-Forward 24 5 6
31%
52 Luca Antonini Left-Back 18 0 1
31%
30 Massimo Oddo Right-Back 52 2 3
31%
49 Philippe Senderos Centre-Back 20 0 1
31%
15 Cristian Brocchi Central Midfield 154 5 15
29%
23 Giuseppe Favalli Left-Back 81 2 4
29%
24 Martin Laursen Centre-Back 72 0 0
29%
43 Roque Júnior Centre-Back 31 0 0
29%
46 Johann Vogel Defensive Midfield 22 0 1
26%
71 Luca Antonelli Left-Back 3 0 0
26%
42 Cosmin Contra Right-Back 32 3 2
24%
40 José Chamot Centre-Back 35 0 0
24%
35 Marco Borriello Centre-Forward 39 6 4
24%
37 Ricardo Oliveira Centre-Forward 37 5 1
24%
67 Vitaliy Kutuzov Centre-Forward 4 0 0
24%
28 Giuseppe Pancaro Right-Back 56 2 7
21%
72 Valerio Fiori Goalkeeper 2 0 0
21%
50 Vikash Dhorasoo Central Midfield 20 0 2
21%
78 Alessandro Matri Centre-Forward 1 0 0
19%
63 Leonardo Attacking Midfield 5 2 2
19%
68 Marco Storari Goalkeeper 3 0 0
19%
70 Digão Centre-Back 3 0 0
17%
61 Fabricio Coloccini Centre-Back 5 0 0
17%
51 Javi Moreno Centre-Forward 20 7 1
17%
56 Marco Simone Second Striker 13 1 0
17%
57 Ümit Davala Right Midfield 10 0 0
17%
58 Alberto Paloschi Centre-Forward 9 4 0
14%
64 Márcio Amoroso Centre-Forward 5 1 0
14%
92 Rodney Strasser Defensive Midfield 1 0 0
14%
54 Samuele Dalla Bona Central Midfield 16 1 2
14%
82 Harvey Esajas Centre-Back 1 0 0
12%
69 Lino Marzorati Centre-Back 3 0 0
12%
60 Matteo Darmian Right-Back 6 0 0
12%
90 Tabaré Viúdez Right Winger 1 0 0
12%
66 Leandro Grimi Left-Back 4 0 0
10%
73 Marco Donadel Defensive Midfield 2 0 0
10%
75 Mathías Cardacio Central Midfield 2 0 0
10%
76 Mattia Dal Bello Midfielder 2 0 0
10%
83 Mohamed Sarr Centre-Back 1 0 0
10%
84 Romano Perticone Centre-Back 1 0 0
10%
88 Alex Guerci Central Midfield 1 0 0
7%
85 Davide Di Gennaro Attacking Midfield 1 0 0
7%
87 Gastone Bottini Central Midfield 1 0 0
7%
53 Massimo Donati Defensive Midfield 18 0 0
7%
91 Matteo Ardemagni Centre-Forward 1 0 0
7%
80 Matteo Lunati Right Winger 1 0 0
7%
81 Michele Piccolo Centre-Forward 1 0 1
7%
77 Mirko Stefani Centre-Back 1 0 0
7%
93 Roberto Bortolotto Centre-Forward 1 0 0
7%
95 Stefano Pastrello Right Midfield 1 0 0
7%
94 Claiton Centre-Back 1 0 0
5%
86 Felipe Mattioni Right-Back 1 0 0
5%
89 Kingsley Umunegbu Second Striker 1 0 0
5%
No matching quizzes found
Score Distribution
Percent of People with Each Score
Percentile by Number Answered
Your Score History
You have not taken this quiz